Valentine's day quiz - Statistics

General Stats
  • This quiz has been taken 317 times
  • The average score is 6 of 8
Answer Stats
Hint Answer % Correct
What is the color of love? Red
97%
What type of flowers are normally given on valentine's day? Roses
97%
What shape is normally associated with valentine's day? Heart
96%
Who shoots arrows at people on valentine's day? Cupid
92%
What is the name of the goddess of love? Aphrodite
62%
Which country did valentine's day originate from? Italy
57%
What day is valentine's day held on? February 14th
49%
Who started valentine's day? Saint Valentine
23%
No matching quizzes found
Score Distribution
Percent of People with Each Score
Percentile by Number Answered
Your Score History
You have not taken this quiz